Overcoming crisis in leadership : (Record no. 125618)

MARC details
000 -LEADER
fixed length control field 00852nam a22002537a 4500
003 - CONTROL NUMBER IDENTIFIER
control field dpl
005 - DATE AND TIME OF LATEST TRANSACTION
control field 20180530165129.0
008 - FIXED-LENGTH DATA ELEMENTS--GENERAL INFORMATION
fixed length control field 180530b xxu||||| |||| 00| 0 eng d
010 ## - LIBRARY OF CONGRESS CONTROL NUMBER
LC control number B-030323
020 ## - INTERNATIONAL STANDARD BOOK NUMBER
Terms of availability 00.00
International Standard Book Number 8170490960
035 ## - SYSTEM CONTROL NUMBER
System control number B-030323, B-030332
037 ## - SOURCE OF ACQUISITION
Source of stock number/acquisition Cen Lib/Ret
040 ## - CATALOGING SOURCE
Original cataloging agency DPL
Language of cataloging EN
Transcribing agency 0
082 ## - DEWEY DECIMAL CLASSIFICATION NUMBER
Classification number 355.30954
Item number KUL
100 ## - MAIN ENTRY--PERSONAL NAME
Personal name K. Kuldip Singh
9 (RLIN) 14954
245 ## - TITLE STATEMENT
Title Overcoming crisis in leadership :
Statement of responsibility, etc by K Kuldip Singh
Remainder of title Indian army /
260 ## - PUBLICATION, DISTRIBUTION, ETC. (IMPRINT)
Place of publication, distribution, etc New Delhi
Name of publisher, distributor, etc Manas Publications
Date of publication, distribution, etc 1998
270 ## - ADDRESS
City New Delhi
Address 4819/XI, Varun House, Mathur Lane, 24, Ansari Road, Daryaganj
Postal code 110002
300 ## - PHYSICAL DESCRIPTION
Extent 294p. :
Dimensions 24cm(Hb)
Other physical details ill.
500 ## - GENERAL NOTE
General note Includes bibliographical references and index
650 ## - SUBJECT ADDED ENTRY--TOPICAL TERM
Topical term or geographic name as entry element India. -- Army.
9 (RLIN) 14955
650 ## - SUBJECT ADDED ENTRY--TOPICAL TERM
Topical term or geographic name as entry element Command of troops.
9 (RLIN) 14956
942 ## - ADDED ENTRY ELEMENTS (KOHA)
Source of classification or shelving scheme Dewey Decimal Classification
Koha item type English Books
Classification part 355.30954
Call number suffix KUL
Holdings
Withdrawn status Lost status Damaged status Not for loan Home library Current library Date acquired Source of acquisition Cost, normal purchase price Total Checkouts Full call number Barcode Date last seen Date checked out Copy number Cost, replacement price Price effective from Koha item type Source of classification or shelving scheme Collection code Total Renewals
        Central Library Central Library 22/06/2015 Cen Lib/Ret 0.00 1 355.30954 KUL B-030323 16/11/2019 30/10/2019 1 0.00 22/06/2015 English Books      
        Shahdara Branch Shahdara Branch 30/05/2018 BPPD/PUB 0.00 2 355.30954 KUL B-030332 08/12/2020 28/11/2020   0.00 30/05/2018 English Books Dewey Decimal Classification Non-fiction 2

© Delhi Public Library
Hit Counter
free hit counter